000 00438cam a2200181ua 4500
020 _c60.00
041 _aeng
_h
082 _a535
_bAJO/OP
100 _aGhatak, Ajoy.
245 _aOptics /
_cAjoyghatak.
_hTextual Documents
250 _a1 /
_b.
260 _aNew Delhi :
_bTata Mc-Graw Hill Publishing Company ,
_c1989.
300 _a538 :
_b` ; .
365 _a60.00
504 _a
942 _cBK
999 _c1784
_d1784